000 00333nam a2200133Ia 4500
008 180730s9999||||xx |||||||||||||| ||und||
020 _a9781781164259
082 _a700
_bMCV/T
100 _aMcVittie, Andy
245 4 _aThe Art of Assassin's Creed III (The Titan Book)
260 _bTitan Book
_c2012
300 _a141p
942 _aBK
999 _c2246
_d2246